Online Catalogue and eLibrary

Gender and Knowledge: (Record no. 1652)

MARC details
000 -LEADER
fixed length control field 00497nam a2200193Ia 4500
005 - DATE AND TIME OF LATEST TRANSACTION
control field 20250203000802.0
008 - FIXED-LENGTH DATA ELEMENTS--GENERAL INFORMATION
fixed length control field 240331s9999 xx 000 0 und d
020 ## - INTERNATIONAL STANDARD BOOK NUMBER
ISBN 074561048X
082 ## - DDC Classification
Item Number - Author Mark HEK
DDC Edition Number 974
Class No. 305.4
100 ## - MAIN ENTRY--PERSONAL NAME
Personal name Hekman, S. J
245 #0 - TITLE STATEMENT
Title Gender and Knowledge:
Remainder of title Elements of a Postmodern Feminism
260 ## - PUBLICATION, DISTRIBUTION, ETC.
Place of publication, distribution, etc. Cambridge
Name of publisher, distributor, etc. Polity Press
Date of publication, distribution, etc. 1992
300 ## - PHYSICAL DESCRIPTION
Extent (e.g. Volumes, Pages etc.) viii, 212 p.,
650 ## - SUBJECT ADDED ENTRY--TOPICAL TERM
Topical term or geographic name entry element Feminism
650 ## - SUBJECT ADDED ENTRY--TOPICAL TERM
Topical term or geographic name entry element Modernism
650 ## - SUBJECT ADDED ENTRY--TOPICAL TERM
Topical term or geographic name entry element Culture
650 ## - SUBJECT ADDED ENTRY--TOPICAL TERM
Topical term or geographic name entry element Postmodernism
942 ## - Koha item type (Biblio)
Koha item type Books in Stacks (Lending)
Holdings
Lost status Damaged status Collection code Home library Current library Shelving location Date acquired Full call number Accession Number Item type
    Lending WERC Library WERC Library Social Science Cupboard 03/31/2024 305.4 HEK 974 Books in Stacks (Lending)

© WERC Library